| 000 | 00762cam a2200253 4500 | ||
|---|---|---|---|
| 001 | 7527 | ||
| 005 | 20181127183814.0 | ||
| 008 | 900320s1989 enk b 001 0 eng d | ||
| 020 | _a0862328926 | ||
| 020 | _a0862328934 (pbk.) | ||
| 082 | 0 | 4 |
_a306.094 _220 |
| 100 | 1 | _aAmin, Samir | |
| 240 | 1 | 0 |
_aEurocentrisme. _lEnglish |
| 245 | 1 | 0 |
_aEurocentrism / _cSamir Amin ; translated by Russell Moore |
| 260 |
_aLondon : _bZed Books, _c1989 |
||
| 300 |
_axiii, 157 p. ; _c22 cm |
||
| 500 | _aIncludes index | ||
| 500 | _aTranslation of: L'eurocentrisme | ||
| 504 | _aIncludes bibliographical references | ||
| 650 | 0 |
_aCapitalism _zEurope _xHistory |
|
| 650 | 0 |
_aEurocentrism _xHistory |
|
| 651 | 0 |
_aEurope _xEconomic conditions |
|
| 651 | 0 |
_aEurope _xSocial conditions |
|
| 999 |
_c6439 _d6439 |
||